| 000 | 00379nam a2200157Ia 4500 | ||
|---|---|---|---|
| 008 | 160316s1973 xxu||||| |||| 00| 0 eng d | ||
| 082 |
_a341.450000 _bBOU |
||
| 100 | _aBouchez L J | ||
| 245 | _aThe future of the law of the sea | ||
| 250 | _a | ||
| 260 |
_aThe Hague _bMartinus Nijhoff Publishers _c1973 |
||
| 300 |
_a164 _b _c |
||
| 365 | _b | ||
| 650 | _a | ||
| 700 |
_aKaijen L _a |
||
| 999 |
_c9634 _d9634 |
||